MDQL
is popping MORE tags! Check the
thread
!
Quizzes
Events
Quiz Creation
Community
Videos
Private Events
Remove Ads
Sign In
Join for FREE
Feedback
Dark Mode
Quiz Categories
Sports
Geography
Music
Movies
Television
Just For Fun
Miscellaneous
History
Literature
Language
Science
Gaming
Entertainment
Religion
Holiday
For Kids
Quiz Lab
Recent
Popular Today
Quiz Kudos Today
Editor Picks
Curator Picks
Quizzes by...
Day
Popularity
Type
Ratings
Length
Year
Community
Subscriptions
Recent Discussions
Orange Saloon
Badges
Playlists
Quests
Create
Leaderboards
Showdown
Live 5
Trivia Bingo
Activity
Puzzle Library
Sporcle Events
Private Events
Virtual Trivia
Globe League
Become a Host
Pub Owners
SporcleCon
Opinionation
Our Games
Videos
Blog
Mobile Apps
Partnerships
Remove Ads and Go Orange
Feedback
Language
Vocabulary
Begins and Ends
Definition
Spanish
French
German
Italian
Chinese
Latin
Translation
Japanese
Language
Vocabulary
Begins and Ends
Definition
Spanish
French
German
Italian
Chinese
Latin
Translation
Japanese
Random Quiz
Search Sporcle
×
Quiz Lab
Quiz Lab
Language
Letter
Type in answers that appear in a list
Type in answers that appear in a list
Classic
Best Score? Go Orange.
4 letter movie rhymes Stats
Can you name the words that rhyme with the 4 letter titles of these movies?
By
JaiminJDesai
6m
56 Questions
251 Plays
251 Plays
251 Plays
Comments
Comments
Give Quiz Kudos
Give Quiz Kudos
-
- Ratings
hide this ad
Replay
Link that replays current quiz
Next Quiz
Link to next quiz in quiz playlist
You Got
0%
They Got
Avg Score
64%
Avg Friend Score
Upgrade to see
Score Distribution
Jump to the score distribution portion of the page
Score
0/56
Timer
06:00
0
Plays Today
Hint
Answer
% Correct
Milk
Silk
92.8%
Heat
Beat
90.8%
Heat
Meat
86.4%
Heat
Seat
85.2%
Hush
Mush
84.8%
Heat
Neat
84.4%
Heat
Meet
84%
Heat
Feet
83.6%
Hush
Rush
82.8%
Heat
Peat
82%
Heat
Wheat
80.8%
Hush
Lush
79.2%
Heat
Cheat
78.8%
Heat
Sleet
78.4%
Milk
Bilk
78%
Hush
Crush
76.8%
Heat
Sheet
76.4%
Heat
Treat
76.4%
Heat
Feat
75.2%
Hush
Gush
75.2%
Heat
Greet
74.8%
Heat
Fleet
74%
Hush
Flush
74%
Heat
Teat
72.8%
Heat
Beet
71.6%
Heat
Cleat
71.6%
Heat
Bleat
70%
Hush
Blush
69.2%
Hint
Answer
% Correct
Hush
Brush
68.8%
Hulk
Bulk
65.6%
Mask
Bask
65.2%
Hush
Plush
64.4%
Mask
Task
64%
Heat
Pleat
62.8%
Heat
Street
62.8%
Heat
Street
62.8%
Hush
Slush
62.8%
Hush
Shush
60.8%
Heat
Skeet
60.4%
Heat
Sweet
60.4%
Mask
Ask
60%
Mask
Cask
60%
Heat
Eat
57.6%
Mask
Flask
57.2%
Hulk
Sulk
56.8%
Hush
Tush
55.2%
Milk
Ilk
46.4%
Hush
Thrush
43.2%
Heat
Tweet
42.8%
Heat
Mete
42.4%
Heat
Gleet
28%
Hulk
Skulk
17.6%
Heat
Suite
16.8%
Mask
Casque
14.4%
Mask
Masque
14.4%
Babe
Nabe
14%
Quiz Playlist
Details
Report
Send in Message
Add To Playlist
Classic:
Type in answers that appear in a list
Quiz Source
Last Updated: Feb 16, 2017
Quiz Scoreboard
CHALLENGE
Sign Up to Join the Scoreboard
Show All
Scores
Hide
Comments
May contain spoilers
Recently Published
1-10 Letter E Words III
by El_Dandy
Language
2m
Street Fighter Characters
by Artimus82
Gaming
60s
College Basketball Coaching Resumes
by pancakes188
Sports
9m
More to Explore
Quiz From the Vault
Featured Blog Post
Where Did the Easter Bunny Come From?
hide this ad
You Might Also Like...
Tags
Letter Quiz
4-letter
Babe
heat
hulk
milk
Rhyme
Rhymes With
Today's Top Quizzes in Language
Browse Language
hide this ad
Today's Top Quizzes in Letter
Browse Letter
Top Contributed Quizzes in Language
1
1-10 Letter F Words III
2
1-10 Letter G Words III
3
1-10 Letter H Words III
4
Celtic Nations in their Language
5
1-10 Letter I Words III
6
Alphabetize! : 'As' words
7
One Thing in Common: Italy
8
1-10 Letter J Words III
9
Order Up: Top 10 Most Native Spoken Languages
10
1-10 Letter K Words III
Explore More
Trending Topics
NBA
Disney
Marvel
Crossword
Anime
Harry Potter
Kpop
The Office
Pokémon
Country
Soccer
Song
NFL
Puzzle
WWE
hide this ad
More By:
JaiminJDesai
Quiz
Plays
Rating
Category
Featured
Created
Minute Math: Highest Common Factor
42,543
4.21
Science
Aug 7, 2014
Premier League Bunker
14,776
3.25
Sports
Mar 20, 2014
Chelsea goal scorers under Mourinho
10,329
4.90
Sports
May 20, 2014
Most successful European managers since 2000
6,680
4.50
Sports
Aug 26, 2014
Club-hopping Premier League Managers
6,508
4.47
Sports
Mar 11, 2014
Go to Creator's Profile
Score Distribution
Quiz Creator Spotlight
JaiminJDesai
Follow
Send a Message
Quizzes Created
-
Created Quiz Play Count
-
More By This Creator
Popular Quizzes Today
1
Find the US States - No Outlines Minefield
2
Find the Countries of Europe - No Outlines Minefield
3
The Countries of the World
4
Find the US States
5
Risky Map Clicking: Biggest States A-Z
6
US States
7
Popular People in 1961
8
Movies - When Are They Set?
More Language Quizzes
Ends in 'LA'
Published
Trending Quizzes
Risky Map Clicking: Least Populous States A-Z
1-10 Letter G Words
1-10 Letter F Words
Countries of the World: 200 Million BC
Risky Map Clicking: Next State Alphabetically
Recently Updated
Most Oscar Losses (Acting)
pecheneg
Beyoncé Albums
pecheneg
Leaping Animals
pecheneg
Reality TV Shows (A-Z)
bhenderson79
Rickey Henderson's Hall of Fame Teammates
pecheneg
Champions League XIs: Arsenal
pecheneg
Quick Pick: Celebrities in WWE's Hall of Fame
aduchscher
A-Z Keypad Blitz II
pecheneg
Multiple Oscar Actors
pecheneg
Mystery Phrase Blitz: Oscar 'Best Actors'
pecheneg
Trending Topics
Anime
NBA
Crossword
Kpop
Marvel
Harry Potter
Disney
Country
Soccer
NFL
Song
Pokémon
WWE
Puzzle
The Office
Your Account Isn't Verified!
In order to create a playlist on Sporcle, you need to verify the email address you used during registration. Go to your
Sporcle Settings
to finish the process.
Report this User
Report this user for behavior that violates our
Community Guidelines
.
Details:
Send Report
Go to the Sporcle.com Mobile Site →
Comments